• 首页
  • 本馆介绍
  • 公告通知
  • 最新文献
  • 馆藏检索
  • 电子资源
  • 读者导购
  • 参考咨询
  • 我的图书馆
  • 登录
  • 详细信息显示
  • 放入我的书架
  • 预约/预借图书
  • 作者相关作品
  • 分类相关作品
  • 丛书相关作品
  • 出版社相关作品

书目信息

  • 表格格式
  • 工作单格式
  • 卡片格式
题名:
射击心理探究
    
 
作者: 李四化 著
分册:  
出版信息: 北京   北京体育大学出版社  2017
页数: 199页
开本: 23cm
丛书名:
单 册:
中图分类: G871.014.87 , G871.014
科图分类:
主题词: 射击运动--体育心理学--研究
电子资源:
ISBN: 978-7-5644-2783-2
000 01062nam0 2200241 450
001 5237
005 20180528200029.16
010    @a978-7-5644-2783-2@dCNY52.00
100    @a20180513d2017 em y0chiy50 ea
101 0  @achi
102    @aCN@b110000
105    @aa z 000yy
200 1  @a射击心理探究@9she ji xin li tan jiu@f李四化著
210    @a北京@c北京体育大学出版社@d2017
215    @a199页@c图@d23cm
300    @a北京市教育委员会科技计划一般项目 北京市教育委员会学科建设项目
330    @a本书分为三大块:论文部分,编辑了11篇以往的论文,根据当前的思考又对其进行了附注;思索部分,根据观摩、学习射击项目的心得,编写了17个主题,包括射以观德、信息认可、牛鼻子等;其他,包括箴言摘抄(如入境、静心、成功等)、漫画制作(如心理建设、老王卖瓜、心态归零等)、歌词创编、软件开发(如环靶运动员眼力练习软件、飞碟射击运动员心理准备期测试软件、心理状态问卷测评软件等)等。
606 0  @a射击运动@x体育心理学@x研究
690    @aG871.014.87@v5
690    @aG871.014@v4
701  0 @a李四化@9li si hua@f(1980- )@4著
801  0 @aCN@b91MARC@c20180513
905    @aMuseLib@dG871.014@e160
    
    射击心理探究/李四化著.-北京:北京体育大学出版社,2017
    199页:图;23cm
    北京市教育委员会科技计划一般项目 北京市教育委员会学科建设项目
    
    ISBN 978-7-5644-2783-2:CNY52.00
    本书分为三大块:论文部分,编辑了11篇以往的论文,根据当前的思考又对其进行了附注;思索部分,根据观摩、学习射击项目的心得,编写了17个主题,包括射以观德、信息认可、牛鼻子等;其他,包括箴言摘抄(如入境、静心、成功等)、漫画制作(如心理建设、老王卖瓜、心态归零等)、歌词创编、软件开发(如环靶运动员眼力练习软件、飞碟射击运动员心理准备期测试软件、心理状态问卷测评软件等)等。
●
相关链接 在E读中查询图书 在五车中查询图书 在当当中查询图书 在豆瓣中查询图书


正题名:射击心理探究     索取号:G871.014/160         预约/预借

序号 登录号 条形码 馆藏地/架位号 状态 备注
1 1112507   211125076   第一样本阅览室/ [索取号:G871.014/160] 在馆    
2 1112508   211125085   教育系资料室/ [索取号:G871.014/160] 在馆    
3 1112509   211125094   教育系资料室/ [索取号:G871.014/160] 在馆    
4 1112510   211125101   第四借阅区/ [索取号:G871.014/160] 在馆    
唐山师范学院图书馆 欢迎您!
大连网信软件有限公司© 版权所有